Cuentos /
Guardado en:
| Autor Principal: | |
|---|---|
| Otros Autores: | , |
| Formato: | Libro |
| Publicado: |
Madrid :
Planeta,
2000
|
| Series: | Biblioteca La Nación
|
| Materias: | |
| Etiquetas: |
Agregar Etiqueta
Sin Etiquetas, Sea el primero en etiquetar este registro!
|
| LEADER | 00682nam a22002175a 4500 | ||
|---|---|---|---|
| 001 | CEM.cems013827 | ||
| 005 | 20130403162808.0 | ||
| 008 | 130507s2000##################000#0#####d | ||
| 003 | CEMS | ||
| 020 | |a 840803622X | ||
| 082 | 0 | 4 | |a 818.3 |
| 100 | 1 | |a Poe, Edgar Allan | |
| 245 | 1 | 0 | |a Cuentos / |c Edgar Allan Poe ; introducción de Juan Perucho ; traducción de Julio Gómez de La Serna |
| 260 | |a Madrid : |b Planeta, |c 2000 | ||
| 300 | |a 527 p. | ||
| 490 | 0 | |a Biblioteca La Nación | |
| 653 | |a Literatura norteamericana | ||
| 653 | |a Cuentos | ||
| 700 | 1 | |a Perucho, Juan; int. | |
| 700 | 1 | |a Gómez de la Serna, Julio; trad. | |
| 859 | |a CEMS |b BIB. CEMS - 11 de abril |h 818.3 |i P752-10 |p 26596.13 |t Ej.1 | ||
